000 00333 a2200133 4500
000 nam a22 7a 4500
100 _aVijender,Pratap Singh
110 _aVijender,Pratap Singh
245 _aThird Gender in Hindi Novels
250 _alatest edition
260 _brising star
_c2024
264 _brising star
_c2024
942 _cBK
999 _c395192
_d395192